| 000 | 00653nam a2200205 u 4500 | ||
|---|---|---|---|
| 005 | 20250807063852.0 | ||
| 008 | 100809s2008 ag r 000 0 spa d | ||
| 020 | _a9789502411170 | ||
| 035 | _aUPN01000177235 | ||
| 049 | _aCG | ||
| 050 | 4 |
_aBF720 S4.5 _bF4.4 |
|
| 100 | 1 | _aFernández Ferrari, María José | |
| 245 | 1 | 0 |
_aJuegos de estimulación para bebés de 0 a 24 meses : _bun niño que juega es un niño feliz / _cMaría José Fernández Ferrari. |
| 260 |
_aBuenos Aires : _bAlbatros, _c2008. |
||
| 300 |
_a128 p. : _bil. |
||
| 440 | 0 | _aCrecer hoy | |
| 650 | 2 |
_aEstimulación temprana _97970 |
|
| 650 | 4 |
_aESTIMULACION _98651 |
|
| 905 | _aLibro | ||
| 999 |
_c149338 _d149338 |
||